Reforma Agraria y Producción

Saved in:
Bibliographic Details
Main Author: Wheelock Roman, Jaime
Format: Text
Published: México, D.F.: s.e.
Tags: Add Tag
No Tags, Be the first to tag this record!

MARC

LEADER 00000 a a2200000 04500
001 25275
003
040
090 |a 180800  
100 |a Wheelock Roman, Jaime  
245 |a Reforma Agraria y Producción  
260 |a México, D.F.:   |b s.e.  
300 |a 47 p.  
300 |b il.  
999 |c 12585  |d 12585